000 00297pab a2200133 454500
008 180718b1987 xxu||||| |||| 00| 0 eng d
245 _aThe government's - U.S.A.
260 _c1987
300 _a7-14
362 _aSummer
650 _aBureaucracy - U.S.A.
773 _aBureaucrat
909 _a5020
999 _c5020
_d5020